[Event "Hastings 9091"]
[Site "Hastings"]
[Date "1990.12.??"]
[Round "8"]
[White "Chandler, Murray G"]
[Black "Olafsson, Helgi"]
[Result "1-0"]
[WhiteElo "2560"]
[BlackElo "2595"]
[Annotator "Schussler,H"]
[PlyCount "69"]
[EventDate "1990.12.??"]
[EventType "tourn"]
[EventRounds "14"]
[EventCountry "ENG"]
[EventCategory "13"]
[SourceTitle "CBM 022"]
[Source "ChessBase"]
[SourceDate "1991.06.01"]
[SourceVersion "1"]
[SourceVersionDate "1991.06.01"]
[SourceQuality "1"]

1. e4 e5 2. Nf3 Nc6 3. Bb5 a6 4. Ba4 Nf6 5. O-O Be7 6. Qe2 b5 7. Bb3 O-O 8. c3
d6 9. d4 (9. h3 Be6 10. d4 Bxb3 11. axb3 exd4 12. cxd4 d5 13. e5 Ne4 14. Nc3 f5
15. exf6 Bxf6 $14 {Judasin,L-Beljavskij,A, Soviet (ch) 1990}) 9... Bg4 10. Rd1
Qc8 $6 (10... exd4 11. cxd4 d5 12. e5 Ne4 13. Nc3 Nxc3 14. bxc3 Qd7 $10 {
14. - Na5!? =}) 11. a4 $14 b4 12. a5 bxc3 13. bxc3 Rb8 14. Bc4 exd4 15. cxd4
Nxa5 16. Rxa5 Rxb1 17. e5 dxe5 18. dxe5 Ne8 19. Rxa6 Rb6 20. Ra4 c5 21. h3 Bh5
22. Ra7 Nc7 23. e6 Bf6 24. e7 Re8 25. Rd8 $1 $18 Rxd8 26. Rxc7 Qb8 27. exd8=Q+
Qxd8 28. Bf4 g5 29. Bg3 Rb2 30. Qd3 Qa8 31. Qd7 Qa1+ 32. Kh2 Rb1 33. Bxf7+ Kh8
34. Qe8+ Kg7 35. Bg6+ 1-0

[Event "Corus"]
[Site "Wijk aan Zee"]
[Date "2006.01.19"]
[Round "5"]
[White "Tiviakov, Sergei"]
[Black "Sokolov, Ivan"]
[Result "1/2-1/2"]
[WhiteElo "2669"]
[BlackElo "2689"]
[Annotator "Tiviakov,S"]
[PlyCount "67"]
[EventDate "2006.01.14"]
[EventType "tourn"]
[EventRounds "13"]
[EventCountry "NED"]
[EventCategory "19"]
[SourceTitle "CBM 111"]
[Source "ChessBase"]
[SourceDate "2006.04.04"]
[SourceVersion "1"]
[SourceVersionDate "2006.04.04"]
[SourceQuality "1"]

1. e4 e5 2. Nf3 Nc6 3. Bb5 a6 4. Ba4 Nf6 5. Qe2 b5 (5... Bc5 6. d3 $5 (6. Bxc6)
(6. c3) (6. O-O) (6. Nc3) (6. h3) 6... d6 7. c3 Bd7 $146 (7... h6) (7... b5) (
7... Be6) (7... O-O) 8. O-O O-O 9. Bg5 (9. Bc2 $11 {1-0 Helmsen Franz (GER)
-Felser Franz (GER)/Sottrum (Germany) 2005 (67)}) 9... Ne7 (9... h6 $5 10. Bh4
g5 11. Bg3 $13) 10. Bxd7 Nxd7 11. d4 Ba7 12. dxe5 (12. Rd1 $14) (12. Nbd2 $14)
12... Nxe5 (12... dxe5 13. Rd1 Qe8 14. Na3 $11) 13. Nxe5 dxe5 14. Rd1 Qe8 15.
Nd2 (15. Qc4 h6 $11) 15... f6 16. Be3 Bxe3 17. Qxe3 $11 {1/2-1/2 Tiviakov,
S-Ivanchuk,V/Wijk aan Zee 2006/CT-1906 (40)}) 6. Bb3 Be7 7. c3 (7. a4 Bb7 (7...
Rb8) (7... b4) 8. c3 O-O (8... d6) 9. O-O d5 $5 (9... d6) (9... Re8) (9... b4)
10. d4 Na5 (10... dxe4 11. Nxe5 Bd6 12. Bf4 (12. axb5 axb5 13. Rxa8 Qxa8 (13...
Bxa8 14. Nxf7 Rxf7 15. Qxb5 $14) 14. Nxf7 Rxf7 15. Bxf7+ Kxf7 16. Qxb5 $13)
12... Qe8 13. axb5 axb5 14. Rxa8 Bxa8 {(1/2-1/2 Tiviakov,S-Bareev,E/Madrid 
(Spain) 1994)} 15. Nxf7 $1 Rxf7 16. Bxd6 cxd6 17. Bxf7+ Qxf7 18. Qxb5 $14) (
10... Nxe4 $5) 11. Bc2 dxe4 12. Nxe5 b4 $146 (12... Qd5 13. axb5 (13. b4 c5 14.
bxc5 Bxc5 15. axb5 axb5 16. Qxb5 e3 17. Nf3 Bxd4 18. Qxd5 exf2+ 19. Kh1 Bxd5
20. cxd4 Rac8 21. Na3 Rc3 22. Rxf2 Ng4 23. Rf1 Nc4 24. Ba4 Nb6 25. Bd1 Re8 26.
Bd2 Rd3 27. Bc2 Rxf3 28. gxf3 Re2 29. Rae1 Rxh2+ 30. Kg1 g5 31. Ba5 Nc4 32.
Nxc4 Rxc2 33. Ne3 Nxe3 34. Rxe3 g4 35. Rf2 {1-0 Morgado,J-Tener,N/corr
Americas 1980 (35)}) 13... axb5 14. Bg5 c5 15. Rd1 cxd4 16. cxd4 Nb3 17. Rxa8
Rxa8 18. Qe3 Na1 19. Nc3 Qe6 20. Bb1 Qb3 21. Rf1 Qxb2 22. Bxf6 Bxf6 23. Bxe4
Nc2 24. Bxc2 Qxc2 25. Nxb5 Bxe5 26. Qxe5 Qc6 27. f3 Ba6 28. Rb1 f6 29. Qc5 Qxc5
30. dxc5 Rb8 31. Nc3 Rxb1+ 32. Nxb1 Kf7 33. Kf2 Ke6 34. Nc3 g5 35. Ke3 Ke5 36.
g3 h5 37. f4+ Ke6 38. fxg5 fxg5 39. Ne4 g4 40. Kd4 Bb7 41. Nd6 Bc6 42. Nc4 Bb7
43. Ne5 Ba8 44. c6 Kd6 45. Ke4 Ke6 46. Kf4 Kd6 47. Kf5 Ke7 48. Kg5 Kd6 49. c7
Bb7 50. Nc4+ Kxc7 51. Kxh5 Bf3 52. Ne3 Kd6 53. Nxg4 Ke6 54. Kg5 Be2 55. Nh6 Bd3
56. h4 Bc2 57. h5 Bh7 58. g4 Bd3 59. Nf5 Kf7 60. Kh6 Kg8 61. Nd6 Kh8 62. g5 Bc2
63. g6 Kg8 64. Ne8 {1-0 Walther,E-Christoffel,M/Zuerich 1961/MCD (64)}) 13. Nd2
c5 (13... Qd5 14. Re1 c5 15. Nxe4 cxd4 16. cxd4 Nxe4 (16... b3 17. Bd3 Qxd4 18.
Nf3 $14) (16... Qxd4 17. Nf3 $14) 17. Qxe4 Qxe4 18. Bxe4 Bxe4 19. Rxe4 Nb3 20.
Nc6 (20. Rb1 f5 $11) 20... Nxa1 21. Nxe7+ Kh8 22. d5 Nc2 23. Bf4 $14) 14. Nxe4
b3 $6 (14... cxd4 15. Nxf6+ Bxf6 16. cxb4 Qd5 17. Nf3 (17. f4 Nb3 18. Ra3 Nxc1
19. Rxc1 Bxe5 20. fxe5 Rae8 $44) 17... Nc6 18. Be4 $14) (14... bxc3 15. bxc3
cxd4 16. Nxf6+ Bxf6 17. Qd3 g6 18. cxd4 $14) 15. Nxf6+ Bxf6 16. Be4 Bxe4 (16...
cxd4 17. Bxb7 Nxb7 18. Rd1 $16) 17. Qxe4 cxd4 18. cxd4 Rc8 19. Be3 Re8 (19...
Rc2 20. Rab1 Bxe5 21. dxe5 Nc4 22. Rfd1 $14) 20. Rac1 Nc4 21. Qb7 $6 (21. f4
$142 $5 $14) 21... Nxe5 (21... Bxe5 22. dxe5 Rb8 23. Qxa6 Nxb2 24. Rb1 Re6 25.
Qe2 Nxa4 26. Qc4 Nb6 27. Qxb3 Nd7 $14) 22. dxe5 Bxe5 (22... Rb8 $142 23. Qxa6
Bxe5 $44 {><b2, a4}) 23. Rxc8 Qxc8 24. Qxb3 $14 {1/2-1/2 Tiviakov,S-Adams,M/
Wijk aan Zee 2006/CT-1895 (72)}) 7... d6 8. a4 Bd7 9. O-O O-O 10. d4 Qe8 $5 11.
axb5 axb5 12. Rxa8 Qxa8 13. Rd1 $146 (13. d5 Na5 14. Bc2 c6 15. dxc6 Bxc6 16.
Nbd2 $11 (16. Bg5 $5) 16... Nb7 17. b4 Nd8 18. Re1 Ne6 19. Nb3 Rc8 20. Na5 Bd7
21. Qd3 Qb8 22. h3 Qc7 23. Bd2 Nf4 24. Bxf4 exf4 25. e5 dxe5 26. Nxe5 Be8 27.
Re2 g6 28. Bb3 Kf8 29. Qb1 Bd6 30. Nf3 h6 31. Qd3 Be7 32. Rc2 Bd7 33. Nd4 Qb6
34. Qf3 Bxb4 35. cxb4 Qxd4 36. Rxc8+ Bxc8 37. Qa8 Qd7 38. Qb8 g5 39. Bc2 Kg7
40. Nb3 f3 41. Nc5 Qe8 42. Nd3 fxg2 43. Qe5 Qxe5 44. Nxe5 Bxh3 45. Bd3 Nh5 {
0-1 Rasmussen,B-Kapstan,A/Manitoba 1991/EXT 97 (45)}) 13... h6 {[><g5]} (13...
Bg4 14. Qxb5) (13... b4 $5) 14. Nbd2 $14 b4 (14... Rb8 $5) 15. Nc4 Na5 (15...
bxc3 16. dxe5 (16. bxc3 $14) 16... Nxe5 17. Ncxe5 dxe5 18. Nxe5 Ba4 19. Bxa4
Qxa4 20. f3 (20. bxc3 Qxe4 $11) 20... cxb2 (20... c2 21. Rd2 Rd8 22. Rxd8+ Bxd8
23. Kf1 $1 $16 {><c2} (23. Qc4 Qxc4 24. Nxc4 Nd7 25. Na3 Nc5 26. Nxc2 Nd3 27.
Be3 Nxb2 $11)) 21. Bxb2 $14) (15... Qa6 $5 16. Qc2 $14) 16. Nxa5 Qxa5 17. Bd2
bxc3 (17... Qa8 18. Re1 Bc6 19. Bc2 $14) (17... exd4 18. cxd4 $14) 18. Bxc3 Qa8
$6 (18... Qb5 $5 19. Bc4 Qb7 (19... Qc6 20. dxe5 Nxe4 21. Nd4 Qa4 22. Bb3 Nxc3
23. bxc3 $16 {/\e6}) 20. Nxe5 $5 (20. Re1 $14) 20... dxe5 21. dxe5 Ba4 $8 (
21... Bg4 22. f3 Bc5+ 23. Kf1 Nxe4 24. fxg4 Nxc3 25. bxc3 $16) 22. Ra1 (22.
exf6 $5 Bxd1 23. Qxd1 Bxf6 24. e5 Qe4 (24... Be7 25. e6 $16) 25. exf6 Qxc4 26.
fxg7 $14) 22... Nxe4 23. Rxa4 Nxc3 24. bxc3 Qb1+ 25. Qf1 Qc2 $14) 19. Nxe5 $1 (
19. Re1 $5 $14) (19. dxe5 Nxe4 20. Bd5 Nxc3 21. bxc3 $11) 19... dxe5 20. dxe5
Bg4 $8 21. f3 Qxe4 (21... Nxe4 22. fxg4 Bc5+ 23. Kf1 Nxc3 24. bxc3 $16) 22. Qf2
$6 (22. Qxe4 $142 Nxe4 23. fxg4 Rb8 (23... Rd8 24. Rxd8+ Bxd8 25. Ba5 $1 $16 {
_|_ ^^, >}) (23... Nxc3 24. bxc3 Rb8 (24... Rd8 25. Rf1 $16) 25. Bc4 {- 23...
Rb8}) 24. Bc4 Kf8 25. Rd7 $16) 22... Qb7 23. Bc2 (23. exf6 Qxb3 24. Re1 Bxf6
25. Bxf6 Bf5 26. Bc3 $14) 23... Nd5 24. fxg4 Nxc3 25. bxc3 Qb6 26. Qxb6 cxb6
27. Rd7 Re8 28. Bb3 Bc5+ 29. Kf1 Re7 $14 30. Rd8+ (30. Rd5 $142 $14) 30... Kh7
{^-} 31. h4 g6 32. Rd5 Kg7 33. g3 Ba3 34. h5 1/2-1/2

[Event "RUS-ch51"]
[Site "St Petersburg"]
[Date "1998.08.07"]
[Round "11"]
[White "Tiviakov, Sergei"]
[Black "Solozhenkin, Evgeniy"]
[Result "1-0"]
[WhiteElo "2655"]
[BlackElo "2535"]
[Annotator "Wedberg,T"]
[PlyCount "73"]
[EventDate "1998.07.28"]
[EventType "swiss"]
[EventRounds "11"]
[EventCountry "RUS"]
[SourceTitle "CBM 067"]
[Source "ChessBase"]
[SourceDate "1998.11.30"]
[SourceVersion "2"]
[SourceVersionDate "1998.11.01"]
[SourceQuality "1"]

{[%mdl 8]} 1. e4 e5 2. Nf3 Nc6 3. Bb5 a6 4. Ba4 Nf6 5. O-O Be7 6. Qe2 b5 7. Bb3
d6 8. a4 Bd7 9. c3 Na5 10. Bc2 c5 11. axb5 (11. d4 Qb8 12. Rd1 O-O 13. Nbd2
cxd4 14. cxd4 Rc8 15. Nb3 Nc6 16. a5 Qc7 17. Bb1 Bg4 18. d5 Nb4 19. h3 Bh5 20.
g4 Bg6 21. Ne1 Qc4 $13 {0-1 Lane,G-Solozhenkin,E/Parthenay 1992/EXT 97 (45)})
11... axb5 12. d4 Qb8 (12... Nc6 13. Rxa8 Qxa8 14. dxc5 dxc5 15. Na3 b4 16. Nc4
Qb8 17. Ne3 O-O 18. Nd5 $14 {1-0 Limbos,P-Buskenstrom,S/Varna 1962/MCD-ol (42)}
) 13. Rd1 O-O 14. Bg5 Bg4 $146 (14... Rd8 15. Nbd2 Kf8 16. Nf1 Ng8 17. Ne3 h6
18. Bxe7+ Nxe7 19. dxe5 dxe5 20. b4 cxb4 21. cxb4 Nac6 22. Rxa8 Qxa8 23. Qxb5
$16 {1-0 Tiviakov,S-Frolov,A/Sochi 1990/EXT 90 (35)}) 15. dxe5 dxe5 16. Nbd2
Rd8 17. Nf1 Rxd1 18. Rxd1 h6 19. Bxf6 Bxf6 20. Ne3 Be6 21. Nd5 Bd8 22. Qe3 Nb7
(22... Nc4 $2 23. Qxc5 Nxb2 24. Rb1 Nc4 25. Bd3 $16) 23. b3 Ra3 24. h3 Kf8 25.
g4 Be7 26. Qd3 c4 $2 (26... Ra5 27. b4 Ra2 28. Bb1 c4 29. Qe3 Ra6 $13) 27. bxc4
bxc4 28. Qxc4 $16 Na5 29. Qd3 Bc5 30. Kg2 Kg8 31. Rb1 Qa7 32. Nxe5 $1 f6 33.
Nf4 $1 $18 fxe5 34. Nxe6 Kh7 35. Qf3 Bxf2 36. Rf1 (36. Qxf2 $2 Qxf2+ 37. Kxf2
Ra2 $14) 36... Bc5 37. g5 $1 1-0

[Event "Las Palmas"]
[Site "Las Palmas"]
[Date "1994.??.??"]
[Round "3"]
[White "Polgar, Judit"]
[Black "Adams, Michael"]
[Result "0-1"]
[WhiteElo "2630"]
[BlackElo "2660"]
[Annotator "Wedberg,T"]
[PlyCount "62"]
[EventDate "1994.05.??"]
[EventType "tourn"]
[EventRounds "9"]
[EventCountry "ESP"]
[EventCategory "17"]
[SourceTitle "CBM 042"]
[Source "ChessBase"]
[SourceDate "1994.10.01"]
[SourceVersion "1"]
[SourceVersionDate "1994.10.01"]
[SourceQuality "1"]

1. e4 e5 2. Nf3 Nc6 3. Bb5 a6 4. Ba4 Nf6 5. O-O Be7 6. Qe2 b5 7. Bb3 O-O 8. c3
d5 9. d3 Re8 10. Nbd2 (10. h3 Bb7 11. Re1 Na5 12. Bc2 Bf8 13. Bg5 h6 14. Bh4 c5
15. Nbd2 d4 $15 {Fedorowicz,J-Hodgson,JM/Cannes/1992/0-1/53}) 10... Bf8 11. a3
(11. Rd1 Na5 12. Bc2 c5 13. Nf1 d4 $15 {Bisguier-Geller/Stockholm (izt)/1962})
11... h6 12. Ba2 Be6 13. Rd1 Qd7 14. exd5 Nxd5 15. Ne4 Nf4 $1 16. Bxf4 exf4 17.
Bxe6 Rxe6 18. Qc2 Rae8 $15 19. b4 Ne5 20. Nxe5 Rxe5 21. Nd2 Re2 22. Qb1 Qc6 23.
Qc1 Qb6 24. d4 g5 $40 25. h3 $6 h5 26. Qb1 Qf6 27. Nf1 g4 28. hxg4 hxg4 29. Qd3
Bd6 30. Rd2 f3 31. Rad1 Qh4 0-1

[Event "Madrid"]
[Site "Madrid"]
[Date "1994.??.??"]
[Round "1"]
[White "Tiviakov, Sergei"]
[Black "Sokolov, Ivan"]
[Result "1-0"]
[WhiteElo "2630"]
[BlackElo "2650"]
[Annotator "Wedberg,T"]
[PlyCount "71"]
[EventDate "1994.05.??"]
[EventType "tourn"]
[EventRounds "9"]
[EventCountry "ESP"]
[EventCategory "15"]
[SourceTitle "CBM 041"]
[Source "ChessBase"]
[SourceDate "1994.08.01"]
[SourceVersion "1"]
[SourceVersionDate "1994.08.01"]
[SourceQuality "1"]

1. e4 e5 2. Nf3 Nc6 3. Bb5 a6 4. Ba4 Nf6 5. O-O Be7 6. Qe2 b5 7. Bb3 O-O 8. c3
d5 9. d3 Qd6 10. Bg5 (10. Nbd2 {Short,N-Nikolic,Pr/Tilburg/1990/1/4-1/4/30})
10... Be6 11. Nbd2 Rad8 (11... dxe4 12. dxe4 Nd7 13. Be3 Na5 14. Bxe6 Qxe6 15.
b4 Nb7 16. a4 Nd6 17. Rfc1 Rfc8 18. Ne1 Nb6 19. axb5 axb5 $10 {Tiviakov,
S-Hector,J/Haninge/1992/1-0/69}) 12. Rfd1 Nd7 13. Bxe7 Nxe7 14. d4 (14. Ng5 $5)
14... Ng6 (14... exd4 15. Nxd4 c5 16. Nxe6 fxe6 17. exd5 exd5 18. Ne4 Qe6 19.
Ng3 $14) 15. exd5 Bxd5 16. Ne4 Bxe4 17. Qxe4 Nf6 18. Qf5 e4 19. Ne5 Ne7 20. Qf4
Ned5 21. Qg3 Rfe8 22. a4 $36 c5 23. axb5 axb5 24. Ra7 Rf8 25. Rda1 cxd4 26.
cxd4 Qb6 27. R7a6 Qb7 (27... Qxd4 $2 28. Nc6 Qxb2 29. Nxd8 Rxd8 30. Ra8 Rf8 31.
Qd6 $18) 28. h3 Ra8 29. Rxa8 Rxa8 30. Rc1 Nh5 $6 (30... Rc8 $14) 31. Qg4 Nhf4
$2 32. Bxd5 $1 $18 Nxd5 33. Qxe4 Kh8 34. Rc5 Rd8 35. Qf3 Kg8 36. Nc6 1-0

[Event "Capablanca Memorial-A"]
[Site "Cuba"]
[Date "1993.??.??"]
[Round "9"]
[White "Henao, Raul Fernando"]
[Black "Hebden, Mark"]
[Result "0-1"]
[WhiteElo "2405"]
[BlackElo "2520"]
[Annotator "Wedberg,T"]
[PlyCount "84"]
[EventDate "1993.??.??"]
[EventType "tourn"]
[EventRounds "13"]
[EventCountry "CUB"]
[EventCategory "10"]
[SourceTitle "CBM 036"]
[Source "ChessBase"]
[SourceDate "1993.10.01"]
[SourceVersion "1"]
[SourceVersionDate "1993.10.01"]
[SourceQuality "1"]

1. e4 e5 2. Nf3 Nc6 3. Bb5 a6 4. Ba4 Nf6 5. O-O Be7 6. Qe2 b5 7. Bb3 O-O 8. c3
d6 9. d4 Bb7 10. Rd1 Nd7 11. a4 b4 12. a5 bxc3 13. bxc3 Bf6 14. Be3 $5 $146 (
14. d5 Na7 15. Be3 c6 16. c4 Qc7 17. Nc3 cxd5 18. Nxd5 Bxd5 19. cxd5 Nb5 20.
Rdc1 Nc5 21. Bxc5 dxc5 22. Bc4 Nd6 {+/= Psakhis-Novik, Moscow 1992}) 14... Qe7
15. Nbd2 exd4 $6 16. cxd4 Nb4 17. Rac1 Rac8 18. Ba4 Rfd8 19. Rc4 (19. Rb1 $5 c5
20. d5 $14) 19... d5 $5 $132 20. Rxb4 $5 (20. exd5 Bxd5 21. Rcc1 $13) 20...
Qxb4 21. Bxd7 dxe4 $8 22. Ne1 $2 (22. Ne5 $1 Rb8 (22... Bxe5 $4 23. Bxc8 $18)
23. Ndc4 Bd5 24. Bc6 Bxe5 25. Nxe5 Qxa5 26. Rc1 Rd6 $13) 22... Rxd7 23. Rb1 Qa4
24. Rxb7 Bxd4 25. Nc4 Bxe3 26. fxe3 Qa1 $1 $17 27. h3 Rd1 28. Kf2 Rc1 29. Nc2
Qc3 30. N2a3 Rd8 31. Kg3 Ra1 32. Qb2 Qe1+ 33. Kh2 h5 34. Nb1 h4 35. Rb8 (35.
Qxa1 Qg3+ 36. Kg1 Rd1#) 35... Rxb8 36. Qxb8+ Kh7 37. Ncd2 Qg3+ 38. Kh1 Qxe3 39.
Qd8 Qe1+ 40. Kh2 Qg3+ 41. Kg1 e3 42. Qd3+ g6 0-1

[Event "Katrineholm"]
[Site "Katrineholm"]
[Date "1995.??.??"]
[Round "?"]
[White "Hartman, Christer"]
[Black "Moberg, Karl Johan"]
[Result "1-0"]
[WhiteElo "2345"]
[BlackElo "2420"]
[Annotator "Wedberg,T"]
[PlyCount "109"]
[EventDate "1995.04.??"]
[EventType "tourn"]
[EventRounds "9"]
[EventCountry "SWE"]
[EventCategory "9"]
[SourceTitle "CBM 049"]
[Source "ChessBase"]
[SourceDate "1995.12.01"]
[SourceVersion "1"]
[SourceVersionDate "1995.12.01"]
[SourceQuality "1"]

1. e4 e5 2. Nf3 Nc6 3. Bb5 a6 4. Ba4 Nf6 5. Qe2 Be7 6. O-O b5 7. Bb3 d6 8. c3
Na5 9. Bc2 c5 10. d3 O-O 11. Rd1 Nc6 (11... Qc7 12. Nbd2 (12. Bg5 h6 13. Bh4
Bg4 14. h3 Bh5 15. g4 Bg6 16. Nbd2 $14 {Rausch,W-Radic,P/BL/1982}) 12... Re8
13. Nf1 h6 14. h3 Bf8 15. N3h2 g6 16. f4 exf4 17. Bxf4 Nh5 18. Be3 Nc6 19. Qd2
Kh7 20. d4 $36 {Ciocaltea,V-Stanciu,T/Mangalia/1977}) (11... Re8 12. Nbd2 Bf8
13. Nf1 h6 14. Ng3 Nc6 15. h3 d5 16. Bd2 Be6 17. Nh2 Ra7 18. Nh5 Rd7 19. Nxf6+
Qxf6 20. a4 d4 $15 {Keres,P-Lutikov,A/Moskva/1966}) 12. Nbd2 Re8 (12... Nh5 13.
Nf1 Be6 14. d4 cxd4 15. cxd4 Bg4 16. h3 Bxf3 17. Qxf3 $14 {Rossetto-Bolbochín,
Jac/Mar del Plata/1947}) (12... Be6 13. Nf1 h6 14. Ne3 Re8 15. h3 Bf8 16. g4
Qc8 17. Nh2 d5 $132 {Michel-García Vera,R/Mar del Plata/1952}) 13. Nf1 Bb7 (
13... Bf8 14. a4 Bb7 15. Bg5 h6 16. axb5 axb5 17. Rxa8 Bxa8 18. Bxf6 Qxf6 19.
Ne3 Qd8 20. Bb3 Ne7 21. Nh4 Qd7 22. Qf3 $16 {Barlov,D-Agzamov,G/Sochi/1984})
14. h3 Qc7 15. g4 $6 Nd8 $1 16. Ng3 Ne6 17. Nf5 g6 (17... Bf8) 18. Nh6+ Kg7 19.
Kh2 d5 20. Rg1 c4 21. Nf5+ Kh8 (21... gxf5 22. gxf5+ Kh8 23. fxe6 fxe6 24. Bh6
Rg8 25. Ng5 $16) 22. Nxe7 cxd3 $2 (22... Rxe7 $17) 23. Nxd5 $1 Bxd5 (23... Nxd5
24. Bxd3 Ndf4 25. Bxf4 Nxf4 26. Qe3 $14) 24. Bxd3 Nc5 25. Ng5 h6 26. Qf3 Kg7
27. exd5 Nxd3 28. Qxd3 e4+ 29. Qg3 Qxg3+ 30. Kxg3 Nxd5 31. Nxf7 Kxf7 32. Bxh6
$16 Nb6 33. Rae1 Na4 34. Re2 Rad8 35. Rge1 Rd3+ 36. Kg2 Rh8 37. Be3 a5 38. Bd4
Re8 39. a3 b4 40. axb4 axb4 41. Rxe4 Rxe4 42. Rxe4 b3 43. Be5 Nxb2 44. Rb4 Rd2
45. Rxb3 Nd3 46. Bd4 Nf4+ 47. Kf3 Nxh3 48. Rb7+ Kf8 49. Be3 Rc2 50. Kg2 Nxf2
51. Bxf2 Rxc3 52. Bd4 Rc4 53. Bg7+ Kg8 54. Kf3 g5 55. Be5 1-0

[Event "Capablanca Memorial Elite 30th"]
[Site "Matanzas"]
[Date "1995.??.??"]
[Round "5"]
[White "Hoffman, Alejandro"]
[Black "Garcia, Gildardo"]
[Result "0-1"]
[WhiteElo "2515"]
[BlackElo "2520"]
[Annotator "Wedberg,T"]
[PlyCount "48"]
[EventDate "1995.05.??"]
[EventType "tourn"]
[EventRounds "13"]
[EventCountry "CUB"]
[EventCategory "11"]
[SourceTitle "CBM 048"]
[Source "ChessBase"]
[SourceDate "1995.10.01"]
[SourceVersion "1"]
[SourceVersionDate "1995.10.01"]
[SourceQuality "1"]

1. e4 e5 2. Nf3 Nc6 3. Bb5 a6 4. Ba4 Nf6 5. Qe2 b5 6. Bb3 Be7 7. c3 O-O 8. O-O
d5 9. d3 Bb7 10. Rd1 {?! Gligoric/ECO} (10. Nbd2 Re8 11. a3 Bf8 12. Re1 Qd7 13.
exd5 Nxd5 14. Ne4 Rad8 15. Bg5 Be7 16. Rad1 Qg4 $10 {Short,N-Almasi,Z/Wijk op/
1995}) (10. Bg5 $5) (10. Re1 {+/= Gligoric/ECO}) 10... Re8 11. Nbd2 Bf8 (11...
Na5 12. Bc2 Bf8 13. b4 Nc6 14. a3 Bd6 15. Bb2 a5 16. Nb3 axb4 17. axb4 Rxa1 18.
Rxa1 Ne7 $10 {Georgiev,Ki-Sokolov,I/Tilburg/1994}) 12. Nf1 h6 (12... Na5 13.
Bc2 c5 14. Bg5 h6 15. Bd2 Qc7 16. Ng3 Rad8 17. h4 c4 18. b3 cxd3 19. Bxd3 Qc8
$15 {Huebner,R-Geller,E/Palma de Mallorca/1970}) 13. Ne3 (13. a3 Nb8 14. Ne3
dxe4 15. dxe4 Nbd7 16. Nd5 Nc5 17. Nxf6+ Qxf6 18. Bc2 Qc6 19. Re1 Rad8 $15 {
Ehlvest,J-Anand,V/Riga/1995}) 13... Na5 14. Bc2 c5 15. a3 Nc6 16. Nf5 Qc7 17.
h3 Rad8 $15 {As often in this line White has a passive version of the spanish
opening.} 18. g4 $2 c4 $1 {Whites try on the wing is easily refuted in the
centre.} 19. dxc4 (19. g5 cxd3 20. Bxd3 Nxe4 $17) 19... dxe4 20. Nd2 {[#]} Nd4
$1 21. cxd4 exd4 22. Bb1 g6 23. Ng3 $2 (23. Nxd4 Rxd4 24. Nf1 Rxd1 25. Qxd1
bxc4 $17) 23... d3 24. Qe1 e3 $1 (24... e3 25. fxe3 Rxe3 26. Qxe3 Bc5 $19) 0-1

[Event "Hoogovens"]
[Site "Wijk aan Zee"]
[Date "1996.01.25"]
[Round "10"]
[White "Tiviakov, Sergei"]
[Black "Sokolov, Ivan"]
[Result "0-1"]
[WhiteElo "2625"]
[BlackElo "2665"]
[Annotator "Wedberg,T"]
[PlyCount "82"]
[EventDate "1996.01.13"]
[EventType "tourn"]
[EventRounds "13"]
[EventCountry "NED"]
[EventCategory "17"]
[SourceTitle "CBM 051"]
[Source "ChessBase"]
[SourceDate "1996.04.01"]
[SourceVersion "1"]
[SourceVersionDate "1996.04.01"]
[SourceQuality "1"]

1. e4 e5 2. Nf3 Nc6 3. Bb5 a6 4. Ba4 Nf6 5. Qe2 Be7 6. c3 O-O 7. O-O b5 8. Bb3
d5 9. d3 Re8 10. Re1 h6 (10... Bb7) 11. Nbd2 Be6 12. Nf1 Bc5 13. Ng3 a5 $5 14.
exd5 Nxd5 $2 (14... Bxd5 $13) 15. d4 $1 exd4 (15... Bb6 16. Qxb5 $16) 16. Qxb5
a4 (16... Qd6 $4 17. Ne4 $18) 17. Qxc6 axb3 18. Qxc5 Rxa2 19. Rb1 dxc3 20. bxc3
$18 {Black is lost, but Ivan Sokolov just plays on anyway. There is certainly
is a lesson to be learnt from this game.} Nb6 21. Qb5 Re7 22. Be3 Bc4 23. Qb4
Ra4 24. Qc5 Rd7 25. Nd4 Rd5 26. Qc6 Rd6 27. Qf3 Bd5 28. Qh5 Nc4 29. Bf4 (29.
Nxb3 $18) 29... Rf6 30. Bxc7 $1 Qxc7 31. Qxd5 b2 32. Ne4 Rg6 33. Nc5 Nb6 34.
Qf5 (34. Qe5 $18) 34... Ra1 35. Ne4 $6 (35. Rxa1 bxa1=Q 36. Rxa1 Rg5 37. Qd3 (
37. Nce6 Qxc3 38. Qb1 fxe6 39. Nxe6 Re5 40. Nf4 $14) 37... Rxc5 38. Ne2 $14) (
35. Ncb3 $1 Rxb1 36. Qxb1 Qxc3 37. Re8+ Kh7 38. Re3 Qc8 39. Qxb2 $18) 35...
Rxb1 36. Rxb1 Nc4 37. Nf3 (37. Qc5 Qf4 $1 38. Nf6+ gxf6 39. Qxc4 Rxg2+ 40. Kxg2
Qe4+ 41. Kg3 Qxb1 $19) 37... Ra6 $1 $132 38. Ned2 Ra1 39. Qc2 (39. Nxc4 Qf4 $3
$19) 39... Qf4 $1 40. h3 $4 $19 (40. Rf1 Nxd2 41. Nxd2 Qxd2 42. Qxd2 b1=Q 43.
Qe2 $14) 40... Nxd2 41. Nxd2 Rxb1+ 0-1